Elektronické platobné prostriedky
Digitálna ekonomika vytvára priestor pre vznik a implementáciu alternatívnych platobných foriem. Vývoj v oblasti bankových platobných kariet na trhu platobných prostriedkov v kontexte platnej legislatívy v SR. Harmonizácia s legislatívou EÚ.
Uložené v:
| Hlavný autor: | |
|---|---|
| Médium: | Kapitola |
| Jazyk: | Slovak |
| Predmet: | |
| Tagy: |
Žiadne tagy, Buďte prvý, kto otaguje tento záznam!
|
MARC
| LEADER | 00000naa a2200000 4500 | ||
|---|---|---|---|
| 001 | r048902 | ||
| 005 | 20220729110950.2 | ||
| 041 | 0 | |a slo | |
| 044 | |a SK | ||
| 245 | 1 | 0 | |a Elektronické platobné prostriedky |c Renáta Vokorokosová |
| 520 | |a Digitálna ekonomika vytvára priestor pre vznik a implementáciu alternatívnych platobných foriem. Vývoj v oblasti bankových platobných kariet na trhu platobných prostriedkov v kontexte platnej legislatívy v SR. Harmonizácia s legislatívou EÚ. | ||
| 610 | 2 | 0 | |a prostriedky platobné |
| 610 | 2 | 0 | |a styk platobný bezhotovostný |
| 610 | 2 | 0 | |a bankovníctvo elektronické |
| 610 | 2 | 0 | |a karty platobné |
| 610 | 2 | 0 | |a bankomaty |
| 610 | 2 | 0 | |a peniaze elektronické |
| 610 | 2 | 0 | |a Slovensko |
| 100 | 1 | |a Vokorokosová, Renáta, 1967- | |